000 01158nam0a22002891 4500
001 rc\967867
005 20041129100720.8
035 _a(NLR Aleph) 006137027
090 _a5621671
_c5621671
100 _a20041129d1982 u |0rusy50 ca
101 0 _arus
102 _aRU
105 _aa |||||||||
200 1 _aВопросы рационализации преподавания математики в средней школе
_eУчеб. пособие
_f[И.С. Глазырина, Г.В. Потапова, З.Ф. Плотникова и др.
_gОтв. ред. А.В. Силин]
210 _aСвердловск
_cСвердлов. ГПИ
_d1982
215 _a83 с.
_cил.
_d19
300 _aАвт. указаны на 3-й с.
300 _aВ надзаг.: Свердлов. гос. пед. ин-т
320 _aБиблиогр. в конце разделов
701 1 _aГлазырина
_bИ. С.
702 1 _aСилин
_bА. В.
_4340
712 0 2 _aСвердловский пед. ин-т
_3RU\NLR\AUTH\889931839
801 0 _aRU
_bNLR
_gpsbo
801 1 _aRU
_bELAR
_2rusmarc
852 _aNLR
_j83-4/7233
942 _cBOOK
980 _aNB